00249nam a22001097a 4500003000400000082001800004100002000022245002200042260003700064300001000101650002800111SGT a617.601bT13K aKAPOOR , POOJA. aTOBACCO CESSATION aDELHI NCR bSGTU GURUGRAM c2013 a1-153 aPUBLIC HEALTH DENTISTRY